Imagen del puertorriqueño en la novela (Record no. 102654)

MARC details
000 -LEADER
campo de control de longitud fija 01138nam a2200289 i 4500
001 - NÚMERO DE CONTROL
campo de control 102654
003 - IDENTIFICADOR DE NÚMERO DE CONTROL
campo de control ES-MaACL
005 - FECHA Y HORA DE LA ÚLTIMA TRANSACCIÓN
campo de control 20230906183143.0
007 - CAMPO FIJO DE DESCRIPCIÓN FÍSICA--INFORMACIÓN GENERAL
campo de control de longitud fija t|
008 - DATOS DE LONGITUD FIJA--INFORMACIÓN GENERAL
campo de control de longitud fija 051124s1976 pr ||||1| spa d
020 ## - NÚMERO INTERNACIONAL ESTÁNDAR DEL LIBRO
Número Internacional Estándar del Libro 0-8477-0540-4
080 ## - NÚMERO DE LA CLASIFICACIÓN DECIMAL UNIVERSAL
Número de la Clasificación Decimal Universal 821.134.2(729.5) Tapia y Rivera, Alejandro 1.06
080 ## - NÚMERO DE LA CLASIFICACIÓN DECIMAL UNIVERSAL
Número de la Clasificación Decimal Universal 821.134.2(729.5) Zeno Gandía, Manuel
080 ## - NÚMERO DE LA CLASIFICACIÓN DECIMAL UNIVERSAL
Número de la Clasificación Decimal Universal 821.134.2(729.5) Laguerre, Enrique A.
100 1# - ENTRADA PRINCIPAL--NOMBRE DE PERSONA
Nombre de persona Beauchamp, José Juan.
9 (RLIN) 26805
245 10 - MENCIÓN DEL TÍTULO
Título Imagen del puertorriqueño en la novela
Resto del título : (en Alejandro Tapia y Rivera, Manuel Zeno Gandía y Enrique A. Laguerre) /
Mención de responsabilidad, etc. José Juan Beauchamp.
250 ## - MENCION DE EDICION
Mención de edición 1ª ed.
260 ## - PUBLICACIÓN, DISTRIBUCIÓN, ETC.
Lugar de publicación, distribución, etc. [Río Piedras] :
Nombre del editor, distribuidor, etc. Editorial Universitaria, Universidad de Puerto Rico,
Fecha de publicación, distribución, etc. 1976.
300 ## - DESCRIPCIÓN FÍSICA
Extensión XXIV, 184 p. ;
Dimensiones 21 cm.
490 1# - MENCIÓN DE SERIE
Mención de serie Mente y palabra
600 14 - PUNTO DE ACCESO ADICIONAL DE MATERIA--NOMBRE DE PERSONA
Nombre de persona Tapia y Rivera, Alejandro-
Subdivisión general Crítica e interpretación.
9 (RLIN) 109245
600 14 - PUNTO DE ACCESO ADICIONAL DE MATERIA--NOMBRE DE PERSONA
Nombre de persona Zeno Gandía, Enrique-
Subdivisión general Crítica e interpretación.
9 (RLIN) 118183
600 14 - PUNTO DE ACCESO ADICIONAL DE MATERIA--NOMBRE DE PERSONA
Nombre de persona Laguerre, Enrique A.-
Subdivisión general Crítica e interpretación.
9 (RLIN) 69613
830 0# - PUNTO DE ACCESO ADICIONAL DE SERIE-TÍTULO UNIFORME
Título uniforme Mente y palabra
9 (RLIN) 184654
852 ## - LOCALIZACIÓN
Ubicación ES-MaACL
Número de control de estantería E-11124
Sublocalización o colección R.136843
Holdings
Estatus retirado Estado de pérdida Estado de daño No para préstamo Biblioteca de origen Biblioteca actual Ubicación en estantería Fecha de adquisición Fuente de adquisición Total de préstamos Signatura topográfica completa Código de barras Visto por última vez Precio de reemplazo Tipo de ítem Koha
        Biblioteca del Ateneo de Madrid Biblioteca del Ateneo de Madrid Depósito 2 17/01/2008     E-11124 1107161 23/02/2023 23/02/2023 Libro impreso